Requisitos de diseño de los núcleos de unión viga-columna en marcos de concreto forzado
Guardado en:
| Autor principal: | |
|---|---|
| Formato: | Libro |
| Lenguaje: | Spanish |
| Publicado: |
[San José, Costa Rica]
2007
|
| Materias: | |
| Etiquetas: |
Agregar Etiqueta
Sin Etiquetas, Sea el primero en etiquetar este registro!
|
MARC
| LEADER | 00000nam a2200000Ia 4500 | ||
|---|---|---|---|
| 003 | 009931 | ||
| 005 | 20240129084249.0 | ||
| 008 | 140114s2007 cr a 000 ||spa d | ||
| 040 | |c cru CEDI | ||
| 090 | |a TFG 5458 | ||
| 100 | |a Musa Losada, Éucaris, 1980- |9 2234 | ||
| 245 | |a Requisitos de diseño de los núcleos de unión viga-columna en marcos de concreto forzado | ||
| 260 | |a [San José, Costa Rica] |c 2007 | ||
| 300 | |a vii, 232 hojas : ilustraciones | ||
| 500 | |a Tesis (licenciatura en ingeniería civil)--Universidad de Costa Rica. Escuela de Ingeniería Civil | ||
| 501 | |a Director de Tesis de Graduación: Ing. Guillermo Santana, PH.D | ||
| 650 | |x UNIONES (INGENIERIA) |x ANALISIS ESTRUCTURAL (INGENIERIA) |x ESTRUCTURAS DE HORMIGON ARMADO |x DISEÑO DE ESTRUCTURAS |9 5528 | ||
| 942 | |c TFG |h TFG 5458 |i 009931 |6 TFG_5458_009931000000000 | ||
| 999 | |c 17130 |d 17130 | ||
